[Event "?"]
[Site "masterchessopen.com Wiesbaden (Germany)"]
[Round "0"]
[White "Kindermann Stefan (AUT)"]
[Black "Hess Ralf (GER)"]
[Result "1-0"]
[WhiteElo "2519"]
[BlackElo "2415"]

1.d4 Nf6 2.c4 e6 3.Nc3 Bb4 4.e3 c5 5.Ne2 d5 6.a3 Bxc3+ 7.Nxc3 cxd4 8.exd4 dxc4
9.Bxc4 Nc6 10.Be3 O-O 11.O-O b6 12.Qd3 Bb7 13.Rad1 h6 14.Ba2 Ne7 15.Bf4 Ned5
16.Be5 Rc8 17.Rfe1 Re8 18.h3 Nxc3 19.bxc3 Qe7 20.Bb1 Bd5 21.Re3 Kf8 22.Rg3 g5
23.Re1 Ng8 24.f4 f5 25.Qe3 Nf6 26.fxg5 Nh5 27.g6 f4 28.g7+ {#r} 1-0

[Event "It (b)"]
[Site "masterchessopen.com Wijk aan Zee (Netherlands)"]
[Round "5"]
[White "Law Andrew P (ENG)"]
[Black "Van Der Sterren Paul (NED)"]
[Result "0-1"]
[WhiteElo "2380"]
[BlackElo "2440"]

1.d4 Nf6 2.c4 e6 3.Nc3 Bb4 4.e3 c5 5.Ne2 cxd4 6.exd4 O-O 7.a3 Be7 8.d5 exd5
9.cxd5 Re8 10.g3 Bc5 11.Bg2 d6 12.h3 a6 13.O-O Nbd7 14.g4 Ne5 15.Ng3 Ng6
16.Nce4 Nxe4 17.Nxe4 Ba7 18.Qb3 f5 19.Ng5 fxg4 20.hxg4 Bxg4 21.Qxb7 Qf6 22.Ne6
Ne5 23.Bg5 Qg6 24.Be4 Nf3+ 25.Kg2 Nh4+ 26.Bxh4 Qxe4+ 27.f3 Qe2+ 28.Kg3 Bxe6
29.Rfe1 Bf2+ {#R} 0-1

[Event "It (open)"]
[Site "masterchessopen.com Vancouver (Canada)"]
[Date "1981.08.08"]
[Round "5"]
[White "Baragar Fletcher (CAN)"]
[Black "Seirawan Yasser (USA)"]
[Result "0-1"]
[WhiteElo "2270"]
[BlackElo "2565"]

1.d4 Nf6 2.c4 e6 3.Nc3 Bb4 4.e3 c5 5.Ne2 cxd4 6.exd4 d5 7.c5 Ne4 8.Bd2 Nxd2
9.Qxd2 a5 10.a3 Bxc3 11.Nxc3 a4 12.Bd3 b6 13.O-O bxc5 14.dxc5 Qa5 15.Rac1 O-O
16.Qc2 h6 17.Nb5 Nc6 18.Rfd1 e5 19.Nd6 Be6 20.Bb5 Nd4 21.Rxd4 exd4 22.Qd3 Rab8
23.f4 g6 24.f5 Bxf5 25.Nxf5 Qxb5 26.Qxd4 gxf5 27.Rc3 Qxb2 {#R} 0-1

[Event "Ch Netherlands"]
[Site "masterchessopen.com Amsterdam (Netherlands)"]
[Round "4"]
[White "Ree Hans (NED)"]
[Black "Ligterink Gert (NED)"]
[Result "1-0"]
[WhiteElo "2490"]
[BlackElo "2465"]

1.c4 Nf6 2.d4 e6 3.Nc3 Bb4 4.e3 c5 5.Ne2 cxd4 6.exd4 O-O 7.a3 Be7 8.d5 exd5
9.cxd5 Re8 10.Be3 Ng4 11.Bd4 Bf6 12.h3 Ne5 13.Ne4 d6 14.N2c3 Ng6 15.Bxf6 Qxf6
16.Bb5 Bd7 17.O-O Qe5 18.Re1 a6 19.Bf1 Rd8 20.Qb3 b5 21.a4 Ra7 22.axb5 Rb7
23.Nc5 {#r} 1-0

[Event "?"]
[Site "masterchessopen.com Beer-Sheva (Israel)"]
[Round "0"]
[White "Gurevich Dmitry (USA)"]
[Black "Murey Jacob (ISR)"]
[Result "0-1"]
[WhiteElo "2510"]
[BlackElo "2500"]

1.d4 Nf6 2.c4 e6 3.Nc3 Bb4 4.e3 c5 5.Ne2 b6 6.a3 Ba5 7.Bd2 O-O 8.d5 exd5
9.Nxd5 Nxd5 10.cxd5 Bxd2+ 11.Qxd2 Ba6 12.d6 Nc6 13.Qc3 Bxe2 14.Bxe2 Qg5 15.Bf3
Rae8 16.O-O Ne5 17.Bb7 Qf6 18.Rfd1 Re6 19.h3 Rb8 20.Ba6 Rbe8 21.Qd2 Nf3+
22.gxf3 Qxf3 23.Kh2 Rh6 24.Bf1 Re5 {#R} 0-1

[Event "It (young masters)"]
[Site "masterchessopen.com Gausdal (Norway)"]
[Round "4"]
[White "Gudmundsson Elvar (ISL)"]
[Black "Diesen Bruce (NOR)"]
[Result "1-0"]
[WhiteElo "2316"]
[BlackElo "2174"]

1.d4 Nf6 2.c4 e6 3.Nc3 Bb4 4.e3 c5 5.Ne2 d5 6.a3 cxd4 7.axb4 dxc3 8.bxc3 O-O
9.cxd5 exd5 10.Nd4 Bg4 11.Qb3 Nc6 12.Nxc6 bxc6 13.Bd3 a5 14.O-O Qb6 15.Qa4 Bd7
16.bxa5 Qc7 17.Qf4 Qxf4 18.exf4 c5 19.f5 Rfb8 20.Bf4 Rb3 21.Rfc1 c4 22.Bc2 Rb2
23.a6 Bc6 24.Be3 Nd7 25.a7 Kf8 26.Ba4 Bxa4 27.Rxa4 Ke7 28.Ra6 Kd8 29.Rd6 Rb5
30.Rd1 Ke7 31.R6xd5 Rxd5 32.Rxd5 Nb8 33.Bc5+ Kf6 34.Rd8 {#r} 1-0

[Event "Ch Netherlands"]
[Site "masterchessopen.com Netherlands"]
[Round "0"]
[White "Ree Hans (NED)"]
[Black "Ligterink Gert (NED)"]
[Result "1-0"]
[WhiteElo "2490"]
[BlackElo "2465"]

1.d4 Nf6 2.c4 e6 3.Nc3 Bb4 4.e3 c5 5.Ne2 cxd4 6.exd4 O-O 7.a3 Be7 8.d5 exd5
9.cxd5 Re8 10.Be3 Ng4 11.Bd4 Bf6 12.h3 Ne5 13.Ne4 d6 14.N2c3 Ng6 15.Bxf6 Qxf6
16.Bb5 Bd7 17.O-O Qe5 18.Re1 a6 19.Bf1 Rd8 20.Qb3 b5 21.a4 Ra7 22.axb5 Rb7
23.Nc5 {#r} 1-0

[Event "It (cat.11)"]
[Site "masterchessopen.com Sochi (Russia)"]
[Round "0"]
[White "Dvoirys Semen I (RUS)"]
[Black "Averkin Orest N (RUS)"]
[Result "1-0"]
[WhiteElo "2470"]
[BlackElo "2450"]

1.d4 Nf6 2.c4 e6 3.Nc3 Bb4 4.e3 c5 5.Ne2 cxd4 6.exd4 d5 7.c5 a5 8.a3 Bxc3+
9.Nxc3 b6 10.Bf4 bxc5 11.dxc5 O-O 12.Bd6 Re8 13.Be2 Nc6 14.O-O Bd7 15.Rb1 e5
16.f4 exf4 17.Rxf4 d4 18.Nb5 Nd5 19.Rf2 Ne3 20.Qd2 Bf5 21.Rc1 Be4 22.Nc7 a4
23.Nxe8 Qxe8 24.Bb5 f5 25.Re1 Qg6 26.Bxc6 Bxc6 27.Bf4 Rf8 28.Bxe3 dxe3 29.Qxe3
Be4 30.Qd4 Qc6 31.Rxe4 {#r} 1-0

[Event "It (cat.14)"]
[Site "masterchessopen.com Tilburg (Netherlands)"]
[Round "0"]
[White "Torre Eugenio (PHI)"]
[Black "Larsen Bent (DEN)"]
[Result "1-0"]
[WhiteElo "2535"]
[BlackElo "2595"]

1.d4 Nf6 2.c4 e6 3.Nc3 Bb4 4.e3 c5 5.Ne2 cxd4 6.exd4 d5 7.a3 Bxc3+ 8.Nxc3 O-O
9.c5 Nc6 10.Bg5 h6 11.Bh4 e5 12.dxe5 Nxe5 13.Be2 d4 14.Bxf6 gxf6 15.Ne4 b6
16.Qd2 f5 17.Ng3 Re8 18.O-O bxc5 19.Qxh6 Re6 20.Qf4 Ng6 21.Qxf5 Rxe2 22.Qf3
Bg4 23.Qxg4 Rxb2 24.Rac1 d3 25.Rxc5 d2 26.Nf5 Qf6 27.Rc6 Qe5 28.Nh6+ Kf8
29.Qc4 Qf4 30.Qc5+ Kg7 31.Qc3+ Kxh6 32.Qxb2 Re8 33.g3 Re1 34.Qh8+ {#r} 1-0

[Event "It \"]
[Site "masterchessopen.com Wijk aan Zee (Netherlands)"]
[Round "1"]
[White "Kindermann Stefan (AUT)"]
[Black "Ligterink Gert (NED)"]
[Result "0-1"]
[WhiteElo "2519"]
[BlackElo "2465"]

1.d4 Nf6 2.c4 e6 3.Nc3 Bb4 4.e3 c5 5.Ne2 cxd4 6.exd4 O-O 7.a3 Be7 8.d5 exd5
9.cxd5 Re8 10.d6 Bf8 11.g3 Re6 12.Bg2 Rxd6 13.Qc2 Re6 14.O-O d5 15.Rd1 Nc6
16.Bg5 d4 17.Nb5 Re5 18.Bxf6 Qxf6 19.Nbxd4 Bc5 20.Bxc6 bxc6 21.b4 Bb6 22.Nf4
Bg4 23.Nxc6 Re2 {#R} 0-1

[Event "It \"]
[Site "masterchessopen.com Amsterdam (Netherlands)"]
[Round "0"]
[White "Hort Vlastimil (GER)"]
[Black "Van Der Wiel John T H (NED)"]
[Result "1-0"]
[WhiteElo "2595"]
[BlackElo "2515"]

1.d4 Nf6 2.c4 e6 3.Nc3 Bb4 4.e3 c5 5.Ne2 cxd4 6.exd4 O-O 7.a3 Be7 8.Nf4 d6
9.Be2 e5 10.Nfd5 Nxd5 11.Nxd5 Nc6 12.dxe5 dxe5 13.Be3 Bg5 14.O-O Bxe3 15.Nxe3
Qg5 16.Bf3 Rd8 17.Bd5 Be6 18.Qd3 Nd4 19.Rad1 Rd6 20.Kh1 Re8 21.Rde1 Qf4 22.f3
Bc8 23.g3 Qh6 24.Ng4 Qh3 25.Kg1 Bxg4 26.Qxd4 Rh6 27.Bxf7+ Kh8 28.Qd2 {#r} 1-0

[Event "Bundesliga 1982/83"]
[Site "masterchessopen.com Germany"]
[Round "0"]
[White "Meyer Holger (GER)"]
[Black "Dueball Juergen (GER)"]
[Result "1-0"]
[WhiteElo "2330"]
[BlackElo "2324"]

1.d4 Nf6 2.c4 e6 3.Nc3 Bb4 4.e3 c5 5.Ne2 cxd4 6.exd4 O-O 7.a3 Be7 8.d5 exd5
9.cxd5 Re8 10.h3 Bc5 11.b4 Bb6 12.g4 Ne4 13.Nxe4 Rxe4 14.Bg2 Re8 15.O-O d6
16.Bf4 Qf6 17.Bg3 Nd7 18.Rc1 Ne5 19.Nc3 Bd7 20.Re1 Rac8 21.Ne4 Qg6 22.Rxc8
Bxc8 23.Qa1 Nd3 24.Nf6+ gxf6 25.Rxe8+ {#r} 1-0

[Event "?"]
[Site "masterchessopen.com Hungary"]
[Round "0"]
[White "Groszpeter Attila (HUN)"]
[Black "Adorjan Andras (HUN)"]
[Result "0-1"]
[WhiteElo "2475"]
[BlackElo "2535"]

1.d4 Nf6 2.c4 e6 3.Nc3 Bb4 4.e3 c5 5.Ne2 cxd4 6.exd4 O-O 7.a3 Be7 8.d5 exd5
9.cxd5 Re8 10.Be3 Ng4 11.Bd4 Nh6 12.g4 d6 13.h3 f5 14.Qc2 Bg5 15.Bg2 Nd7
16.gxf5 Nf6 17.h4 Bxf5 18.Qa4 Bd7 19.Qb4 Bf4 20.Kf1 Be5 21.Bxe5 Rxe5 22.Qxd6
Nfg4 23.Kg1 Nf5 24.Qb4 Nxh4 25.Ng3 Qf6 26.Nce4 Nf3+ 27.Bxf3 Qxf3 28.Qxb7 Rf8
29.Qxd7 Nxf2 30.Rh2 Nxe4 31.Nxe4 Rxe4 32.Qd6 Rg4+ {#R} 0-1

[Event "?"]
[Site "masterchessopen.com Pasadena (USA)"]
[Round "0"]
[White "Korchnoi Viktor (SUI)"]
[Black "Gurevich Dmitry (USA)"]
[Result "1-0"]
[WhiteElo "2610"]
[BlackElo "2510"]

1.d4 Nf6 2.c4 e6 3.Nc3 Bb4 4.e3 c5 5.Ne2 b6 6.a3 Ba5 7.Rb1 Qe7 8.Bd2 O-O 9.Ng3
Na6 10.d5 Nc7 11.Qf3 Bxc3 12.Bxc3 exd5 13.cxd5 Re8 14.Nf5 Qe4 15.Bxf6 Qxb1+
16.Kd2 Qe4 17.Qg3 Qxd5+ 18.Kc1 g6 19.Nh6+ Kf8 20.Qxc7 Bb7 21.Bb5 Qe6 22.Qf4
{#r} 1-0

[Event "Ch Bulgaria"]
[Site "masterchessopen.com Pernik (Bulgaria)"]
[Round "14"]
[White "Semkov Semko (BUL)"]
[Black "Kolev Atanas (BUL)"]
[Result "1-0"]
[WhiteElo "2450"]
[BlackElo "2591"]

1.d4 Nf6 2.c4 e6 3.Nc3 Bb4 4.e3 c5 5.Ne2 cxd4 6.exd4 O-O 7.a3 Be7 8.g3 d5 9.c5
b6 10.b4 Ne4 11.Nxe4 dxe4 12.Qc2 Bb7 13.Be3 Bd5 14.Nc3 Nd7 15.Nxd5 exd5 16.c6
Nf6 17.c7 Qd7 18.Ba6 Qh3 19.Rc1 Qg2 20.Kd2 Ng4 21.Kc3 Qf3 22.Rhe1 Nxe3 23.fxe3
Bg5 24.Qe2 Qf5 25.Qb5 Be7 26.Qc6 {#r} 1-0

[Event "Ch Baden-Wuerttemberg"]
[Site "masterchessopen.com Stuttgart (Germany)"]
[Round "7"]
[White "Soelch Helmut (GER)"]
[Black "Holzhaeuer Mathias (GER)"]
[Result "0-1"]
[WhiteElo "2211"]
[BlackElo "2285"]

1.d4 Nf6 2.c4 e6 3.Nc3 Bb4 4.e3 c5 5.Ne2 cxd4 6.exd4 d5 7.a3 Be7 8.Nf4 O-O
9.Be3 Nc6 10.cxd5 Nxd5 11.Nfxd5 exd5 12.Bd3 Be6 13.b4 Rc8 14.Qd2 Nxb4 15.O-O
Nxd3 16.Qxd3 Qd7 17.Bf4 Rc4 18.Rfe1 Rfc8 19.Ne2 b5 20.Qg3 Kh8 21.Qe3 R8c6
22.Bg5 Bf8 23.h4 f6 24.Bf4 Bf7 25.Qb3 a6 26.Be3 Qg4 27.g3 Bg6 28.Nf4 Bc2
29.Qb2 Qf3 30.Kh2 g5 31.Ng2 Be4 32.Rg1 Rc2 {#R} 0-1

[Event "Ch France"]
[Site "masterchessopen.com France"]
[Round "8"]
[White "Andruet Gilles (FRA)"]
[Black "Boudre Jean-Pierre (FRA)"]
[Result "1-0"]
[WhiteElo "2420"]
[BlackElo "2299"]

1.d4 Nf6 2.c4 e6 3.Nc3 Bb4 4.e3 c5 5.Ne2 cxd4 6.exd4 O-O 7.a3 Be7 8.d5 exd5
9.cxd5 Re8 10.d6 Bf8 11.g3 Re6 12.Bf4 b6 13.Bg2 Nc6 14.O-O Ba6 15.b4 Bxe2
16.Nxe2 Rc8 17.Nc3 h6 18.h4 Ne5 19.Nb5 Ng6 20.Be3 a6 21.Nd4 Re5 22.Bb7 Rb8
23.Bxa6 Bxd6 24.Nb5 Rxe3 25.Nxd6 Rc3 26.Qd4 Rf3 27.Be2 Rb3 28.Bc4 {#r} 1-0

[Event "It (open) \"]
[Site "masterchessopen.com Gausdal (Norway)"]
[Round "3"]
[White "Yrjola Jouni (FIN)"]
[Black "Hjartarson Johann (ISL)"]
[Result "0-1"]
[WhiteElo "2515"]
[BlackElo "2415"]

1.d4 Nf6 2.c4 e6 3.Nc3 Bb4 4.e3 c5 5.Ne2 cxd4 6.exd4 O-O 7.a3 Be7 8.d5 exd5
9.cxd5 Re8 10.Be3 Ng4 11.Bd4 Nh6 12.d6 Bf6 13.Nd5 Qa5+ 14.Bc3 Bxc3+ 15.Nxc3 b5
16.Qd5 Nc6 17.Qxb5 Qd8 18.O-O-O Rb8 19.Qc5 Qf6 20.Rd2 Nf5 21.h4 Ba6 22.Kd1 Re5
23.Nd5 Qe6 24.g4 Rxb2 25.gxf5 Rxd2+ 26.Kxd2 Rxd5+ 27.Ke1 Qxe2+ {#R} 0-1

[Event "Tournament"]
[Site "masterchessopen.com Leningrad (Russia)"]
[Round "0"]
[White "Khalifman Alexander (RUS)"]
[Black "Ionov Sergey (RUS)"]
[Result "1-0"]
[WhiteElo "2627"]
[BlackElo "2540"]

1.d4 Nf6 2.c4 e6 3.Nc3 Bb4 4.e3 c5 5.Ne2 cxd4 6.exd4 d5 7.a3 Be7 8.Nf4 Nc6
9.cxd5 exd5 10.Be2 O-O 11.O-O Bd6 12.Bf3 Be6 13.Nxe6 fxe6 14.Re1 Qd7 15.Bg5
Rae8 16.Qd3 Bc7 17.Na4 Qd6 18.g3 e5 19.Bxf6 e4 20.Bxe4 Rxe4 21.Rxe4 dxe4
22.Qc4+ Rf7 23.Be5 Nxe5 24.dxe5 Qxe5 25.Nc3 e3 26.f4 Qf5 27.Nd5 Qe6 28.Rc1 e2
29.Re1 b5 30.Qxb5 Rd7 31.Nxc7 Rxc7 32.Rxe2 Rc1+ 33.Kg2 {#r} 1-0

[Event "?"]
[Site "masterchessopen.com Lugano (Switzerland)"]
[Round "0"]
[White "Tatai Stefano (ITA)"]
[Black "Hmadi Slaheddine (TUN)"]
[Result "1-0"]
[WhiteElo "2490"]
[BlackElo "2261"]

1.d4 Nf6 2.c4 e6 3.Nc3 Bb4 4.e3 c5 5.Ne2 cxd4 6.exd4 O-O 7.a3 Be7 8.d5 exd5
9.cxd5 Re8 10.d6 Bf8 11.g3 Re6 12.Bf4 Nh5 13.Be3 Rxd6 14.Qb3 Nc6 15.Bg2 b6
16.Nb5 Re6 17.Ned4 Re7 18.Qd5 Ba6 19.Qxh5 Nxd4 20.Nxd4 Rc8 21.Qd1 Qe8 22.Kd2
g6 23.Rc1 Bg7 24.Qa4 {#r} 1-0

[Event "It (cat.8)"]
[Site "masterchessopen.com Naleczow (Poland)"]
[Round "0"]
[White "Gross Stefan (CZE)"]
[Black "Kindermann Stefan (AUT)"]
[Result "1-0"]
[WhiteElo "2425"]
[BlackElo "2519"]

1.d4 Nf6 2.c4 e6 3.Nc3 Bb4 4.e3 c5 5.Ne2 cxd4 6.exd4 O-O 7.a3 Be7 8.d5 exd5
9.cxd5 Bc5 10.b4 Bb6 11.Na4 d6 12.Nxb6 axb6 13.Qb3 Re8 14.Bb2 Bf5 15.f3 Nbd7
16.Kf2 Ne5 17.Nd4 Bg6 18.Bb5 Nh5 19.Rhe1 Re7 20.g3 Rc7 21.Rad1 Rac8 22.Re2 Nf6
23.Rde1 h6 24.h3 Nh5 25.f4 Qf6 26.Kg2 Nxf4+ 27.gxf4 Qxf4 28.Qg3 Qf6 29.Rf1 Qd8
30.Nf3 f6 31.Bxe5 dxe5 32.Qxg6 Qxd5 33.Bd3 Rc1 34.Rxc1 {#r} 1-0

[Event "?"]
[Site "masterchessopen.com Stockholm (Sweden)"]
[Round "0"]
[White "Gruenberg Rainer (GER)"]
[Black "Doery Jeno (HUN)"]
[Result "0-1"]
[WhiteElo "2334"]
[BlackElo "2276"]

1.d4 Nf6 2.c4 e6 3.Nc3 Bb4 4.e3 c5 5.Ne2 cxd4 6.exd4 O-O 7.a3 Be7 8.d5 exd5
9.cxd5 Re8 10.d6 Bf8 11.g3 b6 12.Bg2 Nc6 13.Nb5 Ba6 14.a4 Re6 15.O-O Bxd6
16.Bh3 Bc5 17.Bxe6 fxe6 18.Bf4 Nd5 19.Qd2 Qf6 20.Bd6 Bxd6 21.Nxd6 Qf3 22.Nb5
Ne5 23.Ned4 Bb7 24.Qd1 Qg2+ 25.Kxg2 Nf4+ 26.Kg1 Nh3# 0-1

[Event "?"]
[Site "masterchessopen.com Subotica (Yugoslavia)"]
[Round "0"]
[White "Cebalo Miso (CRO)"]
[Black "Murshed Niaz (BAN)"]
[Result "1-0"]
[WhiteElo "2500"]
[BlackElo "2442"]

1.d4 Nf6 2.c4 e6 3.Nc3 Bb4 4.e3 c5 5.Ne2 cxd4 6.exd4 O-O 7.a3 Be7 8.d5 exd5
9.cxd5 Re8 10.d6 Bf8 11.g3 Re6 12.Bf4 Nh5 13.Be3 Rxd6 14.Qb3 Nc6 15.Bg2 Nf6
16.O-O Re6 17.Rad1 d6 18.Nd4 Re5 19.Bxc6 Rxe3 20.fxe3 bxc6 21.Ne4 c5 22.Rxf6
gxf6 23.Nc6 Qb6 24.Nxf6+ Kg7 25.Qd5 h6 26.Rf1 Bh3 27.Ne8+ {#r} 1-0

[Event "Ch URS (1 liga)"]
[Site "masterchessopen.com Sverdlovsk (Russia)"]
[Round "0"]
[White "Vaisser Anatoly (FRA)"]
[Black "Rashkovsky Nukhim N (RUS)"]
[Result "1-0"]
[WhiteElo "2495"]
[BlackElo "2400"]

1.d4 Nf6 2.c4 e6 3.Nc3 Bb4 4.e3 c5 5.Ne2 b6 6.a3 Ba5 7.Rb1 Na6 8.Bd2 Qe7 9.Ng3
Bb7 10.d5 O-O 11.Be2 exd5 12.cxd5 Nc7 13.b4 cxb4 14.axb4 Bxb4 15.Rxb4 Qxb4
16.Nce4 Qa3 17.Nxf6+ gxf6 18.e4 Kh8 19.O-O Rg8 20.Be3 Ne8 21.Bh5 Qe7 22.Qf3
Rg5 23.Bd4 Re5 24.Bg4 Nd6 25.Bf5 Rg8 26.Qh5 Rg7 27.Qh6 Nxf5 28.exf5 Bxd5 29.f3
Bc4 30.Nh5 Rxg2+ 31.Kxg2 Bxf1+ {#r} 1-0

[Event "It"]
[Site "masterchessopen.com Syosset (USA)"]
[Round "2"]
[White "Taylor Timothy (USA)"]
[Black "Ritter Mark (USA)"]
[Result "1-0"]
[WhiteElo "2284"]
[BlackElo "2402"]

1.d4 Nf6 2.c4 e6 3.Nc3 Bb4 4.e3 c5 5.Ne2 d6 6.a3 Bxc3+ 7.Nxc3 Nc6 8.dxc5 dxc5
9.Qxd8+ Kxd8 10.Be2 Ke7 11.b4 Nd7 12.O-O b6 13.Rd1 Bb7 14.Nb5 Rad8 15.Bb2 f6
16.Bc3 a6 17.Nd6 Ba8 18.Rd2 Nde5 19.bxc5 bxc5 20.Rad1 f5 21.f4 Nf7 22.Nxf7
Kxf7 23.Rd7+ Rxd7 24.Rxd7+ Ne7 25.Bh5+ g6 26.Bxg6+ hxg6 27.Bxh8 {#r} 1-0

[Event "Ch Caucasian Republics"]
[Site "masterchessopen.com Tbilisi (Georgia)"]
[Round "0"]
[White "Sturua Zurab (GEO)"]
[Black "Bagaturov Giorgi (GEO)"]
[Result "1-0"]
[WhiteElo "2450"]
[BlackElo "2468"]

1.d4 Nf6 2.c4 e6 3.Nc3 Bb4 4.e3 c5 5.Ne2 cxd4 6.exd4 O-O 7.a3 Be7 8.d5 exd5
9.cxd5 Bc5 10.b4 Bb6 11.Na4 d6 12.Nxb6 axb6 13.Ng3 Re8+ 14.Be2 Re5 15.Bb2 Rxd5
16.Qc1 Nc6 17.O-O Ne5 18.f4 Nd3 19.Bxf6 Nxc1 20.Bxd8 Nxe2+ 21.Nxe2 Bg4 22.Nc3
Rd3 23.Ne4 Rxd8 24.Nf2 Be2 25.Nxd3 Bxd3 26.Rfe1 d5 27.Re7 g6 28.Rae1 Kg7
29.Rxb7 d4 30.Ree7 Bc4 {#r} 1-0

[Event "It (open)"]
[Site "masterchessopen.com Vantaa (Finland)"]
[Round "5"]
[White "Hurme Harri M (FIN)"]
[Black "Kekki Jorma (FIN)"]
[Result "0-1"]
[WhiteElo "2258"]
[BlackElo "2100"]

1.d4 e6 2.c4 Nf6 3.Nc3 Bb4 4.e3 c5 5.Ne2 cxd4 6.exd4 O-O 7.a3 Be7 8.d5 exd5
9.cxd5 Re8 10.h3 Bc5 11.g4 Qb6 12.Rh2 Ne4 13.Nxe4 Rxe4 14.Qc2 Re8 15.Bd2 d6
16.Bc3 Nd7 17.O-O-O Bxf2 18.Nd4 Bg3 19.Rg2 Be5 20.Bd3 Nf8 21.Qf2 Ng6 22.Bc2
Bd7 23.Rf1 Rf8 24.Kb1 Rac8 25.Ka1 Rc4 26.Rd1 Nf4 27.Rgg1 Nxd5 28.Qe2 Rfc8
29.Qd3 g6 30.Nf5 Rxc3 {#R} 0-1

[Event "Ch World (juniors) (under 20)"]
[Site "masterchessopen.com Kiljava (Finland)"]
[Date "1984.08.03"]
[Round "1"]
[White "Georgiev Kiril (MKD)"]
[Black "Al-Othman Abdul Wahab (KUW)"]
[Result "1-0"]
[WhiteElo "2515"]
[BlackElo "2240"]

1.d4 Nf6 2.c4 e6 3.Nc3 Bb4 4.e3 c5 5.Ne2 d5 6.a3 Bxc3+ 7.Nxc3 cxd4 8.exd4 dxc4
9.Bxc4 Nc6 10.Be3 O-O 11.O-O b6 12.Qd3 Bb7 13.Rad1 h6 14.Rfe1 Ne7 15.Bf4 Nfd5
16.Be5 Ng6 17.Ne4 Nxe5 18.dxe5 Qc7 19.Qd4 Rad8 20.Nd6 f5 21.Rc1 Qe7 22.Be2 Rd7
23.Bf3 Ba8 24.Rc4 Nc7 25.Bc6 Bxc6 26.Rxc6 Nd5 27.Rec1 Qg5 28.g3 f4 29.Qe4 fxg3
30.hxg3 Nf4 31.Rc8 Nh3+ 32.Kg2 {#r} 1-0

[Event "Ch World (juniors) (under 20)"]
[Site "masterchessopen.com Kiljava (Finland)"]
[Date "1984.08.10"]
[Round "7"]
[White "Georgiev Kiril (MKD)"]
[Black "Miralles Gilles (FRA)"]
[Result "1-0"]
[WhiteElo "2515"]
[BlackElo "2470"]

1.d4 Nf6 2.c4 e6 3.Nc3 Bb4 4.e3 c5 5.Ne2 cxd4 6.exd4 O-O 7.a3 Be7 8.d5 exd5
9.cxd5 Re8 10.Be3 Ng4 11.Bd4 Nh6 12.Qd3 d6 13.Ng3 Bf6+ 14.Be2 Nd7 15.Nce4 Qa5+
16.b4 Qxd5 17.Rd1 Be5 18.O-O Nf8 19.Bxe5 Qxd3 20.Bxd3 dxe5 21.Bb5 Re7 22.Rd8
a6 23.Nd6 Rc7 24.Bc4 b5 25.Bd5 Rb8 26.Nge4 Rd7 27.Rxc8 {#r} 1-0

[Event "It (open)"]
[Site "masterchessopen.com Copenhagen (Denmark)"]
[Round "1"]
[White "Nielsen Jorgen G (DEN)"]
[Black "Iskov Gert (DEN)"]
[Result "0-1"]
[WhiteElo "2161"]
[BlackElo "2325"]

1.d4 Nf6 2.c4 e6 3.Nc3 Bb4 4.e3 c5 5.Ne2 cxd4 6.exd4 d5 7.a3 Bxc3+ 8.Nxc3 dxc4
9.Bxc4 O-O 10.Bg5 Nc6 11.d5 exd5 12.Nxd5 Re8+ 13.Kf1 Be6 14.Bxf6 gxf6 15.Rc1
Rc8 16.Bb3 Bxd5 17.Bxd5 Ne5 18.Rxc8 Qxc8 19.g3 Rd8 20.Qb3 Qc5 21.Be4 Rd2
22.Qe3 Qc4+ 23.Kg2 Re2 {#R} 0-1

[Event "Zt"]
[Site "masterchessopen.com Corrientez (Argentina)"]
[Round "0"]
[White "Gamarra Caceres Carlos (PAR)"]
[Black "Ricardi Pablo (ARG)"]
[Result "0-1"]
[WhiteElo "2233"]
[BlackElo "2495"]

1.d4 Nf6 2.c4 e6 3.Nc3 Bb4 4.e3 c5 5.Ne2 cxd4 6.exd4 O-O 7.a3 Be7 8.d5 exd5
9.cxd5 Bc5 10.b4 Bb6 11.Na4 Re8 12.Nxb6 axb6 13.d6 Nc6 14.g3 Ne4 15.Bb2 Re6
16.Bg2 Nxd6 17.Bd5 Re8 18.O-O b5 19.Nf4 Nc4 20.Bc3 N6e5 21.Nh5 d6 22.Nxg7 Kxg7
23.f4 Ne3 24.Qh5 Nxd5 25.fxe5 Be6 26.Bd4 dxe5 27.Bxe5+ f6 28.Rxf6 Nxf6 29.Qg5+
Kf7 30.Qh5+ {#R} 0-1

[Event "Zt"]
[Site "masterchessopen.com Corrientez (Argentina)"]
[Round "9"]
[White "Gamarra Caceres Carlos (PAR)"]
[Black "Ricardi Pablo (ARG)"]
[Result "0-1"]
[WhiteElo "2233"]
[BlackElo "2495"]

1.d4 Nf6 2.c4 e6 3.Nc3 Bb4 4.e3 c5 5.Ne2 cxd4 6.exd4 O-O 7.a3 Be7 8.d5 exd5
9.cxd5 Bc5 10.b4 Bb6 11.Na4 Re8 12.Nxb6 axb6 13.d6 Nc6 14.g3 Ne4 15.Bb2 Re6
16.Bg2 Nxd6 17.Bd5 Re8 18.O-O b5 19.Nf4 Nc4 20.Bc3 N4e5 21.Nh5 d6 22.Nxg7 Kxg7
23.f4 Ne7 24.Qh5 Nxd5 25.fxe5 Be6 26.Bd4 dxe5 27.Bxe5+ f6 28.Rxf6 Nxf6 29.Qg5+
Kf7 30.Qh5+ {#R} 0-1

[Event "corr."]
[Site "masterchessopen.com DDR"]
[Round "0"]
[White "Andresen Steffen (GER)"]
[Black "Fleischer Peter (GER)"]
[Result "1-0"]
[WhiteElo "2298"]
[BlackElo "2321"]

1.d4 e6 2.c4 Nf6 3.Nc3 Bb4 4.e3 c5 5.Ne2 cxd4 6.exd4 d5 7.a3 Bxc3+ 8.Nxc3 dxc4
9.Bxc4 Nc6 10.Be3 O-O 11.O-O h6 12.Ba2 Ne7 13.Bf4 b6 14.Qf3 Ba6 15.Rfe1 Ng6
16.Be5 Nxe5 17.dxe5 Nd7 18.Rad1 Qc7 19.Qg3 Rad8 20.Rd6 Nc5 21.Bb1 Kh8 22.Rc1
Nb7 23.Rxd8 Nxd8 24.Qe3 Qe7 25.Ne4 Bb7 26.Nf6 Nc6 27.Qe4 g6 28.Qh4 Kg7 29.Rxc6
Rd8 30.Rc1 {#r} 1-0

[Event "Zt"]
[Site "masterchessopen.com Gausdal (Norway)"]
[Round "0"]
[White "Hansen Curt (DEN)"]
[Black "Agdestein Simen (NOR)"]
[Result "0-1"]
[WhiteElo "2500"]
[BlackElo "2515"]

1.d4 Nf6 2.c4 e6 3.Nc3 Bb4 4.e3 c5 5.Ne2 d5 6.a3 Bxc3+ 7.Nxc3 cxd4 8.exd4 dxc4
9.Bxc4 Nc6 10.Be3 O-O 11.O-O b6 12.Qf3 Bb7 13.Bd3 Qd7 14.Qh3 Ne7 15.Bg5 Ng6
16.Bxf6 gxf6 17.Rad1 Rad8 18.Rfe1 Kg7 19.Bc2 Rg8 20.Re3 Qc7 21.Qh5 Bxg2 22.f3
Nf4 23.Qxh7+ Kf8 24.Kf2 Nh3+ 25.Ke1 Qf4 26.Rdd3 Bf1 27.Re4 Bxd3 {#R} 0-1

[Event "Zt (cat.7)"]
[Site "masterchessopen.com Kavala (Greece)"]
[Round "0"]
[White "Cebalo Miso (CRO)"]
[Black "Kotronias Vasilios (GRE)"]
[Result "1-0"]
[WhiteElo "2550"]
[BlackElo "2593"]

1.d4 Nf6 2.c4 e6 3.Nc3 Bb4 4.e3 c5 5.Ne2 cxd4 6.exd4 O-O 7.a3 Be7 8.d5 exd5
9.cxd5 Re8 10.d6 Bf8 11.g3 b6 12.Bg2 Nc6 13.O-O Ba6 14.a4 Rc8 15.Nb5 Re6
16.Bf4 Nh5 17.Bd5 Nxf4 18.Nxf4 Rf6 19.Re1 Nb4 20.Bb3 Rc5 21.Re4 Nc6 22.Qe2
Rff5 23.Rd1 Ne5 24.Nd5 Nf3+ 25.Kg2 Rc8 26.Ne7+ Bxe7 27.dxe7 Qe8 28.Rxd7 Ne5
29.Rxa7 Bxb5 30.Qxb5 Qxb5 31.axb5 Re8 32.Bd5 Ng4 33.Bc6 {#r} 1-0

[Event "?"]
[Site "masterchessopen.com Nis (Yugoslavia)"]
[Round "0"]
[White "Davidovic Aleksandar (AUS)"]
[Black "Maksimovic Branimir (SRB)"]
[Result "0-1"]
[WhiteElo "2392"]
[BlackElo "2455"]

1.d4 e6 2.c4 Nf6 3.Nc3 Bb4 4.e3 c5 5.Ne2 cxd4 6.exd4 O-O 7.a3 Be7 8.d5 exd5
9.cxd5 Bc5 10.b4 Bb6 11.Na4 Re8 12.Nxb6 axb6 13.d6 Ne4 14.Bb2 b5 15.Qd4 Qg5
16.h4 Qh6 {#R} 0-1